[Event "Canadian op"]
[Site "Edmonton"]
[Date "2005.07.11"]
[Round "4"]
[White "Meller, Jeremy"]
[Black "Tuason, Alfred"]
[Result "0-1"]
[WhiteElo "1143"]
[BlackElo "1356"]
[PlyCount "68"]
[EventDate "2005.07.09"]
[EventType "swiss"]
[EventRounds "10"]
[EventCountry "CAN"]
[SourceTitle "CBM 107 Extra"]
[Source "ChessBase"]
[SourceDate "2005.09.01"]
[SourceVersion "1"]
[SourceVersionDate "2005.09.01"]
[SourceQuality "1"]

1. e4 e6 2. d4 d5 3. exd5 exd5 4. Nf3 a6 5. Bf4 Nf6 6. c3 Bd6 7. Bxd6 Qxd6 8. g3 0-0 9. Bd3 Re8+ 10. Ne5 Nc6 11. f4 Ng4 12. 0-0 Ne3 13. Qf3 Nxf1 14. Qxf1 Nxe5 15. fxe5 Qe6 16. Nd2 Qh3 17. Qxh3 Bxh3 18. Nf3 h6 19. c4 dxc4 20. Bxc4 Rad8 21. d5 Bg4 22. Nd4 Rxe5 23. Nc2 Kh8 24. Kg2 Rde8 25. Kf2 Re2+ 26. Bxe2 Rxe2+ 27. Kf1 Rxc2 28. Re1 Bh3+ 29. Kg1 Rxb2 30. Re7 Rb1+ 31. Kf2 Rb2+ 32. Kg1 Rg2+ 33. Kh1 Rf2 34. Kg1 Rf1# 0-1